Polyfunkčný dom na Dobrovičovej ulici v Bratislave

Podrobná bibliografia
Hlavný autor: Peržel, Oliver (Autor)
Médium: Článok
Jazyk:slovenčina
Fyzický popis:Obr.
ISSN:1335-2180
Predmet:

MARC

LEADER 00000nab a2200000 a 4500
001 vtls000704994
003 SK-MaSNL
005 20260426081754.0
008 250429c1999 xo 0 slo
015 |a SNBRB1999/10-23173 
035 |a CLN000057161 
035 |a urn:nbn:sk:snk-abdq7m 
035 |a (urnnbn)urn:nbn:sk:snk:ar-001spg 
035 |a (uuid)bd3582b9-9652-4280-9a4f-b25103a123c7 
040 |a SNKBUCL  |b slo  |c SNKBUCL  |e AACR2 
041 0 |a slo 
044 |a xo  |c SK 
080 |a 725.22(437.6)  |2 1997 
100 1 |a Peržel, Oliver  |4 aut  |9 793862 
245 1 0 |a Polyfunkčný dom na Dobrovičovej ulici v Bratislave  |c Oliver Peržel 
300 |b Obr. 
650 0 7 |a domy polyfunkčné  |z Dobrovičova ulica (Bratislava, Slovensko)  |x architektúra  |2 snkbucl  |9 1404760 
651 7 |a Bratislava (Slovensko)  |2 snkbucl  |9 14568 
655 7 |a články z novín a časopisov  |2 snkbucl  |9 267496 
773 0 |t Projekt  |g Roč. 41, č. 2 (1999), s. 3  |x 1335-2180 
850 |a Slovenská národná knižnica 
852 |a Slovenská národná knižnica 
954 |a odborná, vedecká literatúra pôvodná (slovenská)  |2 lita 
958 |a article19 
958 |a SK 
958 |a OND 
958 |a EUIPO 
992 |a RBX 
999 |c 2852057  |d 2853987